Aproximación a la historia de AEFI 2002-2017 / (Record no. 188071)

MARC details
000 -LEADER
campo de control de longitud fija 00840nam a2200205 i 4500
001 - NÚMERO DE CONTROL
campo de control 188071
003 - IDENTIFICADOR DE NÚMERO DE CONTROL
campo de control SpMaBN
005 - FECHA Y HORA DE LA ÚLTIMA TRANSACCIÓN
campo de control 20250820063057.0
008 - DATOS DE LONGITUD FIJA--INFORMACIÓN GENERAL
campo de control de longitud fija 180424s2017 sp ado |||| | spa d
080 ## - NÚMERO DE LA CLASIFICACIÓN DECIMAL UNIVERSAL
Número de la Clasificación Decimal Universal 615.15:061.231(460.27 M.)(091)
100 1# - ENTRADA PRINCIPAL--NOMBRE DE PERSONA
Nombre de persona Ylla-Català i Genís, Miquel,
Fechas asociadas al nombre 1935-
9 (RLIN) 161030
245 10 - MENCIÓN DEL TÍTULO
Título Aproximación a la historia de AEFI 2002-2017 /
Mención de responsabilidad, etc. Miquel Ylla-Català Genís.
246 3# - FORMA VARIANTE DEL TITULO
Texto de visualización Subtít. de cub.
Título propio/Titulo breve Una asociación singular
260 ## - PUBLICACIÓN, DISTRIBUCIÓN, ETC.
Lugar de publicación, distribución, etc. Barcelona :
Nombre del editor, distribuidor, etc. Asociación Española de Farmacéuticos de la Industria,
Fecha de publicación, distribución, etc. 2017.
300 ## - DESCRIPCIÓN FÍSICA
Extensión 195 p. :
Otras características físicas il. col., gráf., fot. ;
Dimensiones 25 cm.
500 ## - NOTA GENERAL
Nota general Glosario.
610 27 - PUNTO DE ACCESO ADICIONAL DE MATERIA--NOMBRE DE ENTIDAD CORPORATIVA
Nombre de entidad corporativa o nombre de jurisdicción como elemento de entrada Asociación Española de Farmacéuticos de la Industria-
Subdivisión de forma Historia.
9 (RLIN) 164672
852 ## - LOCALIZACIÓN
Ubicación ES-MaACL
Número de control de estantería L-31961
Nota libre - Enc. cart.
-- . - Dedicatoria autógrafa del autor
Holdings
Estatus retirado Estado de pérdida Estado de daño No para préstamo Biblioteca de origen Biblioteca actual Ubicación en estantería Fecha de adquisición Fuente de adquisición Total de préstamos Signatura topográfica completa Código de barras Visto por última vez Precio de reemplazo Tipo de ítem Koha
        Biblioteca del Ateneo de Madrid Biblioteca del Ateneo de Madrid Depósito 2 24/04/2018     L-31961 1198761 23/02/2023 23/02/2023 Libro impreso